Najdroższe transfery PSG w historii. - Statystyki

Ogólne statystyki
  • Ten quiz został rozwiązany 256 razy
  • Średni wynik to 7 z 10
Statystyki odpowiedzi
Sezon Cena Kraj Poprzedni klub Piłkarz % Poprawnych
18/19 145 mln Francja Monaco Mbappe
99%
17/18 222 mln Brazylia Barcelona Neymar
99%
13/14 65 mln Urugwaj Napoli Cavani
89%
21/22 60 mln Maroko Inter Hakimi
87%
15/16 63 mln Argentyna Manchester United Di Maria
83%
20/21 50 mln Argentyna Inter Icardi
65%
12/13 42 mln Brazylia Milan Silva
64%
14/15 50 mln Brazylia Chelsea Luiz
55%
11/12 42 mln Argentyna Palermo Pastore
27%
12/13 40 mln Brazylia Sao Paulo Lucas
21%
Nie znaleziono quizów pasujących do podanych kryteriów
Rozkład punktacji
Procent ludzi z każdym wynikiem
Percentyl według liczby udzielonych odpowiedzi
Twoja historia wyników
Nie rozwiązałeś tego quizu